000 00573nam a2200181Ia 4500
005 20250923145924.0
008 008 250917s9999 xx 000 0 eng d
037 _aTextual
040 _aDSWL
_beng
_cDSWL
041 _aeng
_2eng
084 _aT.2,N86t:g, N91
_qDSWL
100 _aRamamurti, Chirman
_9840330
245 0 _aTowords an Enlighted and Human Society:NPE, 1986-A Review report
_c by Chirman Ramamurti
260 _aDelhi
_b Deptt. of education
_c1991
300 _axi,409p.
942 _cTEXL
_hT.2,N86t:g, N91
999 _c1457388
_d1457388